| 000 | 00710nam a2200217Ia 4500 | ||
|---|---|---|---|
| 003 | IN-BaIIA | ||
| 008 | 211028s9999 xx 000 0 eng d | ||
| 020 | _a0-521-35159-6 | ||
| 040 | _cIIA Library | ||
| 080 |
_a539.1 _bROB |
||
| 100 |
_aRoberts, R. G. _918624 |
||
| 245 | 4 |
_aThe structure of the proton _bdeep inelastic scattering _cR. G. Roberts |
|
| 260 |
_aCambridge _bCambridge University Press _c1990 |
||
| 300 | _aix,182p. | ||
| 490 | _aCambridge monographs on mathematical physics | ||
| 650 | _aAstronomy and astrophysics thesaurus | ||
| 650 |
_aNuclear physics _91527 |
||
| 650 |
_aParticle physics _91847 |
||
| 650 |
_aProtons _96134 |
||
| 942 | _cBK | ||
| 999 |
_c10889 _d10889 |
||